00560 2200169 4500245005200000020002200052250001100074100002600085700002100111650002100132005001900153260007600172041001400248084001000262300010900272336000900381 aKarena Anggrek IbucDebby Lukito GoeyardihText a978-602-244-944-7 aCet. 1 aDebby Lukito Goeyardi aWidyasari Hanaya aCerita Bergambar a20240902094357 aJakartabKementerian Pendidikan, Kebudayaan, Riset, dan Teknologic2022 aIndonesia a741.5 aAndika New Basic 14/28, Delight Snowy, FuturaHandWritten, Cloudy with a chance of love. iv, 52 hlm :b ; atext